Нефти СССР. Доп. том: Физико-химическая характеристика нефтей СССР (Запись № 6120306)

Подробности
000 -МАРКЕР
контрольное поле 01498nam2a22003251 4500
001 - ИДЕНТИФИКАТОР ЗАПИСИ
контрольное поле rc\3471097
005 - ИДЕНТИФИКАТОР ВЕРСИИ
контрольное поле 20250610021324.0
021 ## - НОМЕР ГОСУДАРСТВЕННОЙ РЕГИСТРАЦИИ
Код страны Российская Федерация
Номер [75-91544]
035 ## - ДРУГИЕ СИСТЕМНЫЕ НОМЕРА
Идентификатор записи (NLR Aleph) 007640469
100 ## - ДАННЫЕ ОБЩЕЙ ОБРАБОТКИ
Данные общей обработки 20130115d1975 |||y0rusy50 ca
101 0# - ЯЗЫК РЕСУРСА
Язык текста, звукозаписи и т.д. русский
102 ## - СТРАНА ПУБЛИКАЦИИ ИЛИ ПРОИЗВОДСТВА
Страна публикации Российская Федерация
105 ## - ПОЛЕ КОДИРОВАННЫХ ДАННЫХ: ТЕКСТОВЫЕ МАТЕРИАЛЫ, МОНОГРАФИЧЕСКИЕ
Кодированные данные о монографическом текстовом документе y z |||||
200 1# - ЗАГЛАВИЕ И СВЕДЕНИЯ ОБ ОТВЕТСТВЕННОСТИ
Основное заглавие Физико-химическая характеристика нефтей СССР
Первые сведения об ответственности [Сост. Дриацкая З.В., Мхчиян М.А., Жмыхова Н.М.]
210 ## - ПУБЛИКАЦИЯ, РАСПРОСТРАНЕНИЕ И ДР.
Дата издания, распространения и т.д. 1975
Место издания, распространения и т.д. Б. м.
215 ## - ФИЗИЧЕСКАЯ ХАРАКТЕРИСТИКА
Специфическое обозначение материала и объем 87 с.
300 ## - ОБЩИЕ ПРИМЕЧАНИЯ
Текст примечания Изд. выходит с 1971 г.
320 ## - ПРИМЕЧАНИЯ О НАЛИЧИИ В ДОКУМЕНТЕ БИБЛИОГРАФИИ / УКАЗАТЕЛЯ
Текст примечания Алф. указ. нефтей: с. 81-87
320 ## - ПРИМЕЧАНИЯ О НАЛИЧИИ В ДОКУМЕНТЕ БИБЛИОГРАФИИ / УКАЗАТЕЛЯ
Текст примечания Списки лит.: с. 6-7 (30 назв.) и с. 80 (21 назв.)
461 #0 - УРОВЕНЬ НАБОРА
Встроенное поле 001rc\3471092
-- 2001#$aНефти СССР$eСправочник$eВ 4 т.$fРед. З.В. Дриацкая [и др.]. Т. 1-$vДоп. том
Системный номер (АБИС) связанной записи 6120257
Место публикации Москва
Дата публикации 1971-
Первые сведения об ответственности Ред. З.В. Дриацкая [и др.]. Т. 1-
Имя издателя, распространителя и т.д. Химия
Сведения, относящиеся к заглавию Справочник : В 4 т.
Заглавие Нефти СССР
Номер тома Доп. том
532 12 - РАСШИРЕННОЕ ЗАГЛАВИЕ
Заглавие Физико-химическая характеристика нефтей Союза Советских Социалистических Республик
702 #1 - ИМЯ ЛИЦА - ВТОРИЧНАЯ ОТВЕТСТВЕННОСТЬ
Начальный элемент ввода Мхчиян
Часть имени, кроме начального элемента ввода М.А.
Код отношения Составитель
702 #1 - ИМЯ ЛИЦА - ВТОРИЧНАЯ ОТВЕТСТВЕННОСТЬ
Начальный элемент ввода Дриацкая
Часть имени, кроме начального элемента ввода З.В.
Код отношения Составитель
702 #1 - ИМЯ ЛИЦА - ВТОРИЧНАЯ ОТВЕТСТВЕННОСТЬ
Начальный элемент ввода Жмыхова
Часть имени, кроме начального элемента ввода Н.М.
Код отношения Составитель
801 #0 - ИСТОЧНИК ЗАПИСИ
Страна Российская Федерация
Организация NLR
Правила каталогизации psbo
801 #1 - ИСТОЧНИК ЗАПИСИ
Страна Российская Федерация
Организация ELAR
Источник данных rusmarc
852 ## - МЕСТОНАХОЖДЕНИЕ И ШИФР ХРАНЕНИЯ
Идентификатор организации NLR
Шифр хранения (Call Number) 71-5/3969
942 ## - ДОПОЛНИТЕЛЬНЫЕ ЭЛЕМЕНТЫ ЗАПИСИ (АБИС)
Тип экземпляра АБИС Книга
980 ## - КОЛЛЕКЦИЯ
Название коллекции Национальная библиография
Экземпляры
Тип экземпляра Дата поступления Библиотека постоянного хранения Библиотека текущего хранения Место хранения Шифр хранения Штрих-код Статус экземпляра
Книга 26.10.2013 РНБ (Московский) РНБ (Московский) Русский книжный фонд: издания с 1957 года 71-5/3969 7640469-10